Effect of nitrogen fertilizer on chinese cabbage at crop station of royal university agriculture, ឥទ្ធិពលជីអាសូតដំណាំស្ពៃក្រញ៉ាញ់ នៅក្នុងស្ថានីយ៍ពិសោធន៍ដំណាំ នៃសាកលវិទ្យាល័យភូមិន្ទកសិកម្ម (Record no. 7853)

000 -LEADER
fixed length control field 00726nam a22001457a 4500
003 - CONTROL NUMBER IDENTIFIER
control field OSt
005 - DATE AND TIME OF LATEST TRANSACTION
control field 20160330084755.0
008 - FIXED-LENGTH DATA ELEMENTS--GENERAL INFORMATION
fixed length control field 160330b xxu||||| |||| 00| 0 eng d
040 ## - CATALOGING SOURCE
Transcribing agency RUA
082 ## - DEWEY DECIMAL CLASSIFICATION NUMBER
Classification number AGR ROE 2006 B472 Or.1
100 ## - MAIN ENTRY--PERSONAL NAME
9 (RLIN) 8227
Personal name ROEURN SIRANET; រឿន ស៊ីរ៉ាណេត
245 ## - TITLE STATEMENT
Title Effect of nitrogen fertilizer on chinese cabbage at crop station of royal university agriculture, ឥទ្ធិពលជីអាសូតដំណាំស្ពៃក្រញ៉ាញ់ នៅក្នុងស្ថានីយ៍ពិសោធន៍ដំណាំ នៃសាកលវិទ្យាល័យភូមិន្ទកសិកម្ម
300 ## - PHYSICAL DESCRIPTION
Extent xv,41p.
Other physical details ill.
Dimensions 29cm.
942 ## - ADDED ENTRY ELEMENTS (KOHA)
Source of classification or shelving scheme
Koha item type AGR
Holdings
Price effective from Date last seen Permanent Location Not for loan Date acquired Source of classification or shelving scheme Koha item type Lost status Withdrawn status Date last checked out Total Checkouts Shelving location Damaged status Barcode Current Location Full call number
2016-03-302024-09-23Library Block B 2016-03-30 AGR  2024-08-076B472 RUA058408Library Block BAGR ROE 2006 B472 Or.1
មជ្ឈមណ្ឌលឯការនៃសាកលវិទ្យាល័យភូមិន្ទកសិកម្មចំការដូង

Powered by Koha